Estado y nación: el derecho de las naciones a la autodeterminación
Сохранить в:
| Главный автор: | |
|---|---|
| Формат: | Неизвестно |
| Язык: | английский испанский |
| Опубликовано: |
Madrid, España
Tecnos
2015
|
| Редактирование: | Primera edición |
| Серии: | Clásicos del Pensamiento
v.138 |
| Предметы: | |
| Метки: |
Добавить метку
Нет меток, Требуется 1-ая метка записи!
|
MARC
| LEADER | 00000 a2200000 4500 | ||
|---|---|---|---|
| 003 | CL-VaPUC | ||
| 005 | 20240821125920.0 | ||
| 008 | 200116b ||||| |||| 00| 0 eng d | ||
| 999 | |c 376065 |d 376063 | ||
| 020 | |a 9788430964970 | ||
| 040 | |c Pontificia Universidad Católica de Valparaíso | ||
| 041 | 0 | |a spa | |
| 082 | |a 303.66 REN 2015 | ||
| 100 | 1 | |a Renner, Karl |9 604982 | |
| 245 | 1 | 0 | |a Estado y nación: |b el derecho de las naciones a la autodeterminación |
| 250 | |a Primera edición | ||
| 260 | 3 | |b Tecnos |c 2015 |a Madrid, España | |
| 300 | |a 401 p | ||
| 490 | 0 | 0 | |a Clásicos del Pensamiento |v v.138 |
| 505 | 0 | |a Capítulo 1. Pueblo y nación, Estado y humanidad. Capítulo 2. El estado de nacionalidades. Capítulo 3. La nación. | |
| 583 | |k Hugo Gaete |c 20200116 | ||
| 650 | 0 | 0 | |a Autodeterminación |9 417630 |
| 650 | 0 | 0 | |a FILOSOFIA POLITICA |9 605815 |
| 650 | 0 | 0 | |a ESTADO Y NACION |9 440817 |
| 942 | |2 ddc |c BK | ||
| 952 | |0 0 |1 0 |2 ddc |4 0 |6 303_660000000000000_REN_2015 |7 0 |9 495240 |a BIBDER |b BIBDER |d 2019-12-27 |e 36 |g 16747.00 |i 5568536 |o 303.66 REN 2015 |p 5568536 |r 2023-01-25 |t 1 |v 16747.00 |w 2019-12-27 |y BK |k DER | ||